|
|
|
|
| LEADER |
00000nam0a2200000 4500 |
| 001 |
67822 |
| 005 |
20231031074100.0 |
| 035 |
|
|
|a (RuTPU)RU\TPU\book\72216
|
| 090 |
|
|
|a 67822
|
| 100 |
|
|
|a 20040924d1977 k y0rusy50 ca
|
| 101 |
0 |
|
|a rus
|
| 102 |
|
|
|a RU
|
| 105 |
|
|
|a a z 001zy
|
| 200 |
1 |
|
|a Введение в алгоритмическую теорию измерения
|f А. П. Стахов
|
| 210 |
|
|
|a Москва
|c Советское радио
|d 1977
|
| 215 |
|
|
|a 288 с.
|c ил.
|
| 320 |
|
|
|a Библиогр.: с. 274-280
|
| 320 |
|
|
|a Предметный указатель: с. 281-285
|
| 610 |
1 |
|
|a аналого-цифровое преобразование
|
| 610 |
1 |
|
|a алгоритмическая теория
|
| 610 |
1 |
|
|a информационные системы
|
| 610 |
1 |
|
|a измерительные системы
|
| 610 |
1 |
|
|a гири
|
| 610 |
1 |
|
|a цифровые машины
|
| 610 |
1 |
|
|a аналого-цифровое преобразование
|
| 610 |
1 |
|
|a аналого-цифровые преобразователи
|
| 610 |
1 |
|
|a нумерационное кодирование
|
| 610 |
1 |
|
|a шкалы
|
| 675 |
|
|
|a 62-52
|v 3
|
| 675 |
|
|
|a 518.5
|v 3
|
| 700 |
|
1 |
|a Стахов
|b А. П.
|g Алексей Петрович
|
| 801 |
|
1 |
|a RU
|b 63413507
|c 20040924
|g PSBO
|
| 801 |
|
2 |
|a RU
|b 63413507
|c 20050204
|g PSBO
|
| 942 |
|
|
|c BK
|